Online
Catalog

Farmacología y psiquiatría / (Record no. 57267)

MARC details
000 -CABECERA
campo de control de longitud fija 01276nam a2200337 i 4500
003 - IDENTIFICADOR DEL NÚMERO DE CONTROL
campo de control DO-SdBNP
005 - FECHA Y HORA DE LA ÚLTIMA TRANSACCIÓN
campo de control 20240715095558.0
006 - CÓDIGOS DE INFORMACIÓN DE LONGITUD FIJA--CARACTERÍSTICAS DEL MATERIAL ADICIONAL
campo de control de longitud fija a||||fr|||| 00| 0
007 - CAMPO FIJO DE DESCRIPCIÓN FÍSICA--INFORMACIÓN GENERAL
campo de control de longitud fija ta
008 - DATOS DE LONGITUD FIJA--INFORMACIÓN GENERAL
campo de control de longitud fija 240711e1967 ag ||||| |||| 00| 0 spa d
040 ## - FUENTE DE LA CATALOGACIÓN
Centro catalogador/agencia de origen DO-SdBNP
Lengua de catalogación spa
Centro/agencia transcriptor BNPHU
Normas de descripción rda
082 #4 - NÚMERO DE LA CLASIFICACIÓN DECIMAL DEWEY
Número de edición 22
Número de documento/Ítem D419f
100 1# - ENTRADA PRINCIPAL--NOMBRE DE PERSONA
Código de función/relación Jean Delphaut
Término indicativo de función/relación autor
245 10 - MENCIÓN DE TÍTULO
Título Farmacología y psiquiatría /
Mención de responsabilidad, etc. Jean Delphaut; prólogo, William Blake; traductor, Christina Souverbielle.
264 #1 - PRODUCCIÓN, PUBLICACIÓN, DISTRIBUCIÓN, FABRICACIÓN Y COPYRIGHT
Producción, publicación, distribución, fabricación y copyright Buenos Aires, Argentina :
Nombre del de productor, editor, distribuidor, fabricante Editorial Troquelado,
Fecha de producción, publicación, distribución, fabricación o copyright 1967
300 ## - DESCRIPCIÓN FÍSICA
Extensión 190 páginas ;
Dimensiones 20 cm.
336 ## - TIPO DE CONTENIDO
Fuente rdacontent
Término de tipo de contenido texto
Código de tipo de contenido txt
337 ## - TIPO DE MEDIO
Fuente rdamedia
Nombre/término del tipo de medio sin mediación
Código del tipo de medio n
338 ## - TIPO DE SOPORTE
Fuente rdacarrier
Nombre/término del tipo de soporte volumen
Código del tipo de soporte nc
490 ## - MENCIÓN DE SERIE
Mención de serie Biblioteca El Tema del Hombre.
500 ## - NOTA GENERAL
Nota general Incluye datos biográficos del autor en la contracubierta.
534 ## - NOTA SOBRE LA VERSIÓN ORIGINAL
Encabezamiento principal del original Pharmacologie Et Psychologie.
Publicación, distribución, etc. del original Librairie Armand Colin, París, Francia, 1961.
590 ## - NOTA LOCAL (RLIN)
Nota local Inventariado 2024 / MF
650 #4 - PUNTO DE ACCESO ADICIONAL DE MATERIA--TÉRMINO DE MATERIA
Término de materia o nombre geográfico como elemento de entrada Farmacología
Subdivisión general Investigación
-- Ensayos, Conferencias, Etc.
9 (RLIN) 54046
650 #4 - PUNTO DE ACCESO ADICIONAL DE MATERIA--TÉRMINO DE MATERIA
Término de materia o nombre geográfico como elemento de entrada Psiquiatría
Subdivisión general Ensayos, Conferencias, Etc.
9 (RLIN) 20442
650 #4 - PUNTO DE ACCESO ADICIONAL DE MATERIA--TÉRMINO DE MATERIA
Término de materia o nombre geográfico como elemento de entrada Sistema Nervioso
9 (RLIN) 26682
650 #4 - PUNTO DE ACCESO ADICIONAL DE MATERIA--TÉRMINO DE MATERIA
Término de materia o nombre geográfico como elemento de entrada Medicamentos
9 (RLIN) 13950
700 1# - PUNTO DE ACCESO ADICIONAL--NOMBRE DE PERSONA
Nombre de persona Blake, William,
Término indicativo de función/relación prólogo
9 (RLIN) 86059
700 1# - PUNTO DE ACCESO ADICIONAL--NOMBRE DE PERSONA
Nombre de persona Souverbielle Christina,
Término indicativo de función/relación traductor
9 (RLIN) 86061
942 ## - ELEMENTOS DE PUNTO DE ACCESO ADICIONAL (KOHA)
Fuente del sistema de clasificación o colocación Dewey Decimal Classification
Tipo de ítem Koha Libro
Holdings
Estado de retiro Estado de pérdida Fuente del sistema de clasificación o colocación Restricciones de uso No para préstamo Código de colección Localización permanente Ubicación/localización actual Ubicación en estantería Fecha de adquisición Fuente de adquisición Total de préstamos Signatura topográfica completa Código de barras Fecha visto por última vez Precio válido a partir de Tipo de ítem Koha
    Dewey Decimal Classification Préstamo en sala   General Biblioteca Nacional Pedro Henríquez Ureña Biblioteca Nacional Pedro Henríquez Ureña En catalogación 11.07.2012 Donado por Cultura   D419f 2024-4350 11.07.2024 11.07.2024 Libro

Powered by Koha